<?xml version="1.0" encoding="UTF-8"?>
<collection xmlns="http://www.loc.gov/MARC21/slim">
 <record>
  <leader>02565cam a2200433  a4500</leader>
  <controlfield tag="001">1090717547</controlfield>
  <controlfield tag="003">DE-627</controlfield>
  <controlfield tag="005">20190110184751.0</controlfield>
  <controlfield tag="007">tu</controlfield>
  <controlfield tag="008">900615n19uuuuuuxx ||||| c    00| ||ger c</controlfield>
  <datafield tag="016" ind1="7" ind2=" ">
   <subfield code="a">551696303</subfield>
   <subfield code="2">DE-101</subfield>
  </datafield>
  <datafield tag="035" ind1=" " ind2=" ">
   <subfield code="a">(DE-627)1090717547</subfield>
  </datafield>
  <datafield tag="035" ind1=" " ind2=" ">
   <subfield code="a">(DE-576)020717547</subfield>
  </datafield>
  <datafield tag="035" ind1=" " ind2=" ">
   <subfield code="a">(DE-599)DNB551696303</subfield>
  </datafield>
  <datafield tag="040" ind1=" " ind2=" ">
   <subfield code="a">DE-627</subfield>
   <subfield code="b">ger</subfield>
   <subfield code="c">DE-627</subfield>
   <subfield code="e">rakwb</subfield>
  </datafield>
  <datafield tag="041" ind1=" " ind2=" ">
   <subfield code="a">ger</subfield>
  </datafield>
  <datafield tag="084" ind1=" " ind2=" ">
   <subfield code="a">9,10</subfield>
   <subfield code="2">ssgn</subfield>
  </datafield>
  <datafield tag="084" ind1=" " ind2=" ">
   <subfield code="a">LK 16679</subfield>
   <subfield code="2">rvk</subfield>
   <subfield code="0">(DE-625)rvk/97619:13310</subfield>
  </datafield>
  <datafield tag="084" ind1=" " ind2=" ">
   <subfield code="a">LK 16670</subfield>
   <subfield code="2">rvk</subfield>
   <subfield code="0">(DE-625)rvk/97619:13300</subfield>
  </datafield>
  <datafield tag="245" ind1="1" ind2="0">
   <subfield code="a">Ethos und Pathos</subfield>
   <subfield code="b">die Berliner Bildhauerschule 1786 - 1914; eine Ausstellung der Skulpturengalerie der Staatlichen Museen Preussischer Kulturbesitz; vom 19. Mai bis 29. Juli 1990 im Hamburger Bahnhof</subfield>
   <subfield code="c">Konzept u. Leitung der Ausstellung: Peter Bloch ...</subfield>
  </datafield>
  <datafield tag="264" ind1=" " ind2="1">
   <subfield code="a">Berlin</subfield>
   <subfield code="b">Gebr. Mann</subfield>
   <subfield code="c">19XX-</subfield>
  </datafield>
  <datafield tag="336" ind1=" " ind2=" ">
   <subfield code="a">Text</subfield>
   <subfield code="b">txt</subfield>
   <subfield code="2">rdacontent</subfield>
  </datafield>
  <datafield tag="336" ind1=" " ind2=" ">
   <subfield code="a">unbewegtes Bild</subfield>
   <subfield code="b">sti</subfield>
   <subfield code="2">rdacontent</subfield>
  </datafield>
  <datafield tag="337" ind1=" " ind2=" ">
   <subfield code="a">ohne Hilfsmittel zu benutzen</subfield>
   <subfield code="b">n</subfield>
   <subfield code="2">rdamedia</subfield>
  </datafield>
  <datafield tag="338" ind1=" " ind2=" ">
   <subfield code="a">Band</subfield>
   <subfield code="b">nc</subfield>
   <subfield code="2">rdacarrier</subfield>
  </datafield>
  <datafield tag="490" ind1="0" ind2=" ">
   <subfield code="a">Jahresgabe des Deutschen Vereins für Kunstwissenschaft</subfield>
  </datafield>
  <datafield tag="500" ind1=" " ind2=" ">
   <subfield code="a">Der Ausstellungskatalog erschien im Selbstverlag und außerhalb der Reihe</subfield>
  </datafield>
  <datafield tag="655" ind1=" " ind2="7">
   <subfield code="a">Ausstellungskatalog</subfield>
   <subfield code="x">Hamburger Bahnhof Berlin</subfield>
   <subfield code="y">19.05.1990-29.07.1990</subfield>
   <subfield code="z">Hamburg</subfield>
   <subfield code="0">(DE-588)4135467-9</subfield>
   <subfield code="0">(DE-627)10566491X</subfield>
   <subfield code="0">(DE-576)209660988</subfield>
   <subfield code="2">gnd-content</subfield>
  </datafield>
  <datafield tag="689" ind1="0" ind2="0">
   <subfield code="d">s</subfield>
   <subfield code="0">(DE-588)4239947-6</subfield>
   <subfield code="0">(DE-627)104868147</subfield>
   <subfield code="0">(DE-576)210425644</subfield>
   <subfield code="a">Berliner Bildhauerschule</subfield>
   <subfield code="2">gnd</subfield>
  </datafield>
  <datafield tag="689" ind1="0" ind2=" ">
   <subfield code="5">(DE-627)</subfield>
  </datafield>
  <datafield tag="700" ind1="1" ind2=" ">
   <subfield code="a">Bloch, Peter</subfield>
   <subfield code="d">1925-1994</subfield>
   <subfield code="e">Hrsg.</subfield>
   <subfield code="0">(DE-588)118931180</subfield>
   <subfield code="0">(DE-627)079708846</subfield>
   <subfield code="0">(DE-576)210435356</subfield>
   <subfield code="4">edt</subfield>
  </datafield>
  <datafield tag="710" ind1="2" ind2=" ">
   <subfield code="a">Staatliche Museen zu Berlin</subfield>
   <subfield code="g">Berlin, West</subfield>
   <subfield code="b">Skulpturengalerie mit Frühchristlich-Byzantinischer Sammlung</subfield>
   <subfield code="0">(DE-588)2022335-3</subfield>
   <subfield code="0">(DE-627)102095086</subfield>
   <subfield code="0">(DE-576)191752681</subfield>
   <subfield code="4">oth</subfield>
  </datafield>
  <datafield tag="787" ind1="0" ind2="8">
   <subfield code="i">Rezension</subfield>
   <subfield code="a">Peschken, Goerd, 1931 - </subfield>
   <subfield code="t">Ethos und Pathos</subfield>
   <subfield code="d">1991</subfield>
   <subfield code="w">(DE-627)1469937611</subfield>
   <subfield code="w">(DE-576)399937617</subfield>
  </datafield>
  <datafield tag="936" ind1="r" ind2="v">
   <subfield code="a">LK 16679</subfield>
   <subfield code="b">Skulptur (Plastik)</subfield>
   <subfield code="k">Kunstgeschichte</subfield>
   <subfield code="k">Kunst nach Ländern bzw. Kontinenten</subfield>
   <subfield code="k">Deutschland</subfield>
   <subfield code="k">Kunsttopografie Deutschlands</subfield>
   <subfield code="k">Orte Deutschlands</subfield>
   <subfield code="k">Orte B</subfield>
   <subfield code="k">Berlin</subfield>
   <subfield code="k">Kunstgeschichte</subfield>
   <subfield code="k">Skulptur (Plastik)</subfield>
   <subfield code="0">(DE-627)1270787276</subfield>
   <subfield code="0">(DE-625)rvk/97619:13310</subfield>
   <subfield code="0">(DE-576)200787276</subfield>
  </datafield>
  <datafield tag="936" ind1="r" ind2="v">
   <subfield code="a">LK 16670</subfield>
   <subfield code="b">Quellenwerke, Bibliografien</subfield>
   <subfield code="k">Kunstgeschichte</subfield>
   <subfield code="k">Kunst nach Ländern bzw. Kontinenten</subfield>
   <subfield code="k">Deutschland</subfield>
   <subfield code="k">Kunsttopografie Deutschlands</subfield>
   <subfield code="k">Orte Deutschlands</subfield>
   <subfield code="k">Orte B</subfield>
   <subfield code="k">Berlin</subfield>
   <subfield code="k">Quellenwerke, Bibliografien</subfield>
   <subfield code="0">(DE-627)1270641921</subfield>
   <subfield code="0">(DE-625)rvk/97619:13300</subfield>
   <subfield code="0">(DE-576)200641921</subfield>
  </datafield>
  <datafield tag="951" ind1=" " ind2=" ">
   <subfield code="a">MC</subfield>
  </datafield>
  <datafield tag="990" ind1=" " ind2=" ">
   <subfield code="a">Berliner Bildhauerschule</subfield>
  </datafield>
  <datafield tag="991" ind1=" " ind2=" ">
   <subfield code="a">Rezensiertes Werk</subfield>
  </datafield>
  <datafield tag="999" ind1=" " ind2=" ">
   <subfield code="a">KXP-PPN1090717547</subfield>
   <subfield code="e">4005239250</subfield>
  </datafield>
 </record>
</collection>
